Pintura de artistas jóvenes
Publicado:
San Jorge, núm. 78 (2n trimestre 1970), pàg 126 :
MARC
| LEADER | 00000nam a2200000Ia 4500 | ||
|---|---|---|---|
| 001 | |||
| 008 | 160829s9999 xx 000 0 cat d | ||
| 245 | |a Pintura de artistas jóvenes | ||
| 260 | |a San Jorge, núm. 78 (2n trimestre 1970), pàg 126 | ||
| 610 | 2 | 0 | |a Biblioteca Central (Barcelona, Catalunya) |v Exposicions |9 54534 |
| 650 | |a Pintors |9 40535 | ||
| 650 | 0 | |a Joves |9 49957 | |
| 901 | |a Arxiu | ||
| 942 | |n 1 | ||
| 952 | |0 0 |1 0 |4 0 |7 1 |9 49771 |a Arxiu |b Arxiu |d 2016-12-01 |l 0 |r 2016-12-01 00:00:00 |w 2016-12-01 |y ARXIU | ||
| 999 | |c 53613 |d 53613 | ||